[Event "Gibraltar Challengers-B 13th"]
[Site "Caleta"]
[Date "2015.02.02"]
[Round "3"]
[White "Berrocal Ruiz, Valentin"]
[Black "Janev, Pavel"]
[Result "0-1"]
[WhiteElo "1986"]
[BlackElo "2196"]
[PlyCount "82"]
[EventDate "2015.01.31"]
[EventType "swiss"]
[EventRounds "5"]
[EventCountry "GGB"]
[SourceTitle "CBM 164 Extra"]
[Source "ChessBase"]
[SourceDate "2015.03.02"]
[SourceVersion "1"]
[SourceVersionDate "2015.03.02"]
[SourceQuality "1"]

1. d4 Nf6 2. c4 c5 3. d5 e5 4. Nc3 d6 5. e4 Nbd7 6. g3 g6 7. Bg2 Bg7 8. Nge2 0-0 9. 0-0 Ne8 10. Be3 f5 11. Qd2 Ndf6 12. f3 Bd7 13. a3 b6 14. Kh1 Qe7 15. Bg5 Qf7 16. f4 h6 17. fxe5 dxe5 18. Bxh6 Nd6 19. b3 Bxh6 20. Qxh6 Ng4 21. Qg5 Qh7 22. h3 Nf7 23. Qd2 Nf6 24. Kg1 Kg7 25. Rf2 Rh8 26. Raf1 Raf8 27. Qe3 Ng4 28. Qd2 Nxf2 29. Rxf2 f4 30. gxf4 Bxh3 31. f5 Bxg2 32. Rxg2 Qh1+ 33. Kf2 Rh2 34. Rxh2 Qxh2+ 35. Ke1 Qh1+ 36. Kf2 Rh8 37. Qd1 Rh2+ 38. Ke3 Qxd1 39. Nxd1 Rh3+ 40. Kd2 Rxb3 41. fxg6 Nd6 0-1

[Event "Gibraltar Challengers-B 13th"]
[Site "Caleta"]
[Date "2015.02.01"]
[Round "2"]
[White "Janev, Pavel"]
[Black "Van Dongen, Edwin"]
[Result "1-0"]
[WhiteElo "2196"]
[BlackElo "2036"]
[PlyCount "105"]
[EventDate "2015.01.31"]
[EventType "swiss"]
[EventRounds "5"]
[EventCountry "GGB"]
[SourceTitle "CBM 164 Extra"]
[Source "ChessBase"]
[SourceDate "2015.03.02"]
[SourceVersion "1"]
[SourceVersionDate "2015.03.02"]
[SourceQuality "1"]

1. e4 d5 2. exd5 Qxd5 3. Nc3 Qa5 4. d4 Nf6 5. Nf3 c6 6. Bc4 Bf5 7. Bd2 Qd8 8. Qe2 e6 9. 0-0-0 Bd6 10. d5 cxd5 11. Nxd5 Nxd5 12. Bxd5 Qc7 13. Nd4 0-0 14. Nxf5 exf5 15. Qf3 Nc6 16. Bc3 Be5 17. Bxe5 Qxe5 18. c3 Rac8 19. Rhe1 Qf6 20. Kb1 Rfe8 21. Rxe8+ Rxe8 22. Bb3 g6 23. Qf4 Kg7 24. a3 Qe7 25. Ka2 h6 26. Bc4 Kh7 27. Qd6 Qxd6 28. Rxd6 Ne5 29. Bd5 Re7 30. h3 Kg7 31. b4 Rc7 32. Kb3 Kf8 33. f4 Nd7 34. Bf3 Ke7 35. Rd4 Nf6 36. c4 g5 37. c5 Ke6 38. Rd8 g4 39. Be2 Nh5 40. hxg4 Nxf4 41. gxf5+ Ke7 42. Rd2 Nxg2 43. Bf3 Nf4 44. Rd6 f6 45. Kc4 Nh3 46. Re6+ Kf7 47. b5 Nf4 48. Re4 Nh3 49. Rd4 Ke7 50. a4 Ng5 51. Bd5 Kf8 52. a5 h5 53. b6 1-0

[Event "Gibraltar Challengers-A 13th"]
[Site "Caleta"]
[Date "2015.01.29"]
[Round "4"]
[White "Janev, Pavel"]
[Black "Osuna Vega, Enrique"]
[Result "0-1"]
[WhiteElo "2196"]
[BlackElo "2108"]
[PlyCount "128"]
[EventDate "2015.01.26"]
[EventType "swiss"]
[EventRounds "5"]
[EventCountry "GGB"]
[SourceTitle "CBM 164 Extra"]
[Source "ChessBase"]
[SourceDate "2015.03.02"]
[SourceVersion "1"]
[SourceVersionDate "2015.03.02"]
[SourceQuality "1"]

1. e4 d6 2. d4 Nf6 3. Nc3 e5 4. Nf3 Nbd7 5. Bc4 Be7 6. a4 c6 7. 0-0 0-0 8. a5 Rb8 9. Re1 b5 10. axb6 axb6 11. h3 Qc7 12. Bg5 b5 13. Bb3 Nb6 14. Bxf6 Bxf6 15. d5 b4 16. Na4 c5 17. Nxb6 Qxb6 18. Bc4 g6 19. Bd3 Bb7 20. Qe2 Ra8 21. Nd2 Bg7 22. Nc4 Qc7 23. b3 f5 24. Rxa8 Bxa8 25. Ra1 Bb7 26. Qf1 Bc8 27. Ra8 fxe4 28. Bxe4 Bf5 29. Rxf8+ Bxf8 30. Qd3 Bc8 31. h4 Ba6 32. g3 Bxc4 33. Qxc4 Qe7 34. Qe2 Bh6 35. Qg4 Bd2 36. h5 Kg7 37. hxg6 h6 38. Kf1 Bc1 39. Ke2 Bg5 40. Qc8 Qd8 41. Qc6 Qf6 42. f3 Qe7 43. Kd3 h5 44. Qc8 Qa7 45. Kc4 h4 46. gxh4 Bxh4 47. Kb5 Be7 48. Kc6 c4 49. bxc4 Qa4+ 50. Kb7 b3 51. Qe6 Qb4+ 52. Kc7 Qa5+ 53. Kd7 Qd8+ 54. Kc6 Qa8+ 55. Kb5 Qe8+ 56. Kb4 b2 57. c3 Qb8+ 58. Ka3 Qa7+ 59. Kxb2 Qf2+ 60. Bc2 Qb6+ 61. Bb3 Qf2+ 62. Ka3 Qa7+ 63. Ba4 Bg5 64. Qxd6 Be7 0-1

[Event "Gibraltar Challengers-A 13th"]
[Site "Caleta"]
[Date "2015.01.28"]
[Round "3"]
[White "Menna Barreto, Felipe Kubiaki"]
[Black "Janev, Pavel"]
[Result "1-0"]
[WhiteElo "2247"]
[BlackElo "2196"]
[PlyCount "71"]
[EventDate "2015.01.26"]
[EventType "swiss"]
[EventRounds "5"]
[EventCountry "GGB"]
[SourceTitle "CBM 164 Extra"]
[Source "ChessBase"]
[SourceDate "2015.03.02"]
[SourceVersion "1"]
[SourceVersionDate "2015.03.02"]
[SourceQuality "1"]

1. d4 Nf6 2. Nf3 e6 3. Bg5 h6 4. Bxf6 Qxf6 5. e4 d5 6. Nbd2 Nd7 7. Bd3 c5 8. exd5 exd5 9. 0-0 c4 10. Re1+ Be7 11. Bf1 0-0 12. g3 Nb6 13. Ne5 Na4 14. b3 cxb3 15. axb3 Nc3 16. Qh5 Qg5 17. Qxg5 Bxg5 18. f4 Bd8 19. Re3 Bb6 20. Ndf3 Ne4 21. c4 f6 22. Nd3 Be6 23. Nb4 Bf7 24. Bh3 Nd2 25. c5 Nxf3+ 26. Rxf3 Bc7 27. Re3 a5 28. Re7 axb4 29. Rxa8 Rxa8 30. Rxc7 Ra1+ 31. Kf2 Ra2+ 32. Ke3 Rb2 33. Rxb7 Rxb3+ 34. Kd2 Bg6 35. Be6+ Kh7 36. f5 1-0

[Event "Gibraltar Challengers-A 13th"]
[Site "Caleta"]
[Date "2015.01.26"]
[Round "1"]
[White "Janev, Pavel"]
[Black "Nwoye, Nnamdi"]
[Result "1-0"]
[WhiteElo "2196"]
[BlackElo "2015"]
[PlyCount "59"]
[EventDate "2015.01.26"]
[EventType "swiss"]
[EventRounds "5"]
[EventCountry "GGB"]
[SourceTitle "CBM 164 Extra"]
[Source "ChessBase"]
[SourceDate "2015.03.02"]
[SourceVersion "1"]
[SourceVersionDate "2015.03.02"]
[SourceQuality "1"]

1. e4 c5 2. Nf3 Nc6 3. Nc3 g6 4. Bb5 Na5 5. d4 a6 6. Be2 cxd4 7. Qxd4 Nf6 8. e5 Nc6 9. Qh4 Ng8 10. Be3 Bg7 11. 0-0 b5 12. Rfe1 h5 13. a4 b4 14. Nd5 Rb8 15. Bc5 Qa5 16. Qc4 Nh6 17. c3 bxc3 18. b4 Qd8 19. b5 Na5 20. Qxc3 d6 21. Bb6 Rxb6 22. Nxb6 Qxb6 23. Qxc8+ Qd8 24. Qxd8+ Kxd8 25. bxa6 Nb3 26. Rab1 Nc5 27. Rb8+ Kc7 28. Rxh8 Bxh8 29. Rb1 dxe5 30. a7 1-0

[Event "Sunny Beach op-B 13th"]
[Site "Sunny Beach"]
[Date "2014.09.14"]
[Round "9"]
[White "Danov, Lyubomir"]
[Black "Janev, Pavel"]
[Result "0-1"]
[WhiteElo "2221"]
[BlackElo "2205"]
[PlyCount "86"]
[EventDate "2014.09.06"]
[EventType "swiss"]
[EventRounds "9"]
[EventCountry "BUL"]
[SourceTitle "CBM 162 Extra"]
[Source "ChessBase"]
[SourceDate "2014.10.17"]
[SourceVersion "1"]
[SourceVersionDate "2014.10.17"]
[SourceQuality "1"]

1. e4 c5 2. Nc3 Nc6 3. f4 g6 4. Nf3 Bg7 5. Bc4 d6 6. 0-0 e6 7. d3 Nge7 8. Qe1 Nd4 9. Nxd4 cxd4 10. Ne2 0-0 11. Bb3 Bd7 12. Qg3 Nc6 13. Bd2 Na5 14. Qf2 Nxb3 15. axb3 Qb6 16. c3 dxc3 17. Qxb6 axb6 18. bxc3 b5 19. d4 Bc6 20. e5 Bd5 21. Ng3 f5 22. exd6 Bxb3 23. Rfb1 Ra4 24. Rxa4 bxa4 25. Ne2 Bc4 26. Kf2 b5 27. Bc1 Rd8 28. Ba3 Bf8 29. Ke3 Bxd6 30. Bxd6 Rxd6 31. Nc1 Ra6 32. g3 Kg7 33. Nd3 Kh6 34. Ne5 Kh5 35. Nxc4 bxc4 36. h3 a3 37. Kd2 g5 38. fxg5 Kxg5 39. Kc2 h5 40. Rg1 a2 41. Kb2 a1Q+ 42. Rxa1 Rxa1 43. Kxa1 h4 0-1

[Event "Sunny Beach op-B 13th"]
[Site "Sunny Beach"]
[Date "2014.09.13"]
[Round "8"]
[White "Zlatanovic, Zoran"]
[Black "Janev, Pavel"]
[Result "0-1"]
[WhiteElo "2154"]
[BlackElo "2205"]
[PlyCount "39"]
[EventDate "2014.09.06"]
[EventType "swiss"]
[EventRounds "9"]
[EventCountry "BUL"]
[SourceTitle "CBM 162 Extra"]
[Source "ChessBase"]
[SourceDate "2014.10.17"]
[SourceVersion "1"]
[SourceVersionDate "2014.10.17"]
[SourceQuality "1"]

1. e4 d5 2. Nc3 d4 3. Nb1 Nf6 4. d3 e5 5. Nf3 Nc6 6. Be2 Bc5 7. Nbd2 0-0 8. h3 Ne8 9. g4 Qe7 10. a3 g6 11. Nf1 Ng7 12. Bh6 Ne6 13. Bxf8 Qxf8 14. Qd2 Qg7 15. Ng3 Nf4 16. Bf1 Bd6 17. Ne2 Nxe2 18. Qxe2 Nd8 19. h4 Ne6 20. Bg2 0-1

[Event "Vidin Balkan Amateur op 5th"]
[Site "Vidin"]
[Date "2014.08.29"]
[Round "7"]
[White "Arnaudov, Petar"]
[Black "Janev, Pavel"]
[Result "1-0"]
[WhiteElo "2074"]
[BlackElo "2205"]
[PlyCount "77"]
[EventDate "2014.08.23"]
[EventType "swiss"]
[EventRounds "9"]
[EventCountry "BUL"]
[SourceTitle "CBM 162 Extra"]
[Source "ChessBase"]
[SourceDate "2014.10.17"]
[SourceVersion "1"]
[SourceVersionDate "2014.10.17"]
[SourceQuality "1"]

1. e4 c5 2. Nc3 Nc6 3. g3 g6 4. Bg2 Bg7 5. d3 d6 6. Bg5 h6 7. Bd2 h5 8. h3 Nf6 9. f4 Nd4 10. Nce2 Qb6 11. Rb1 Nd7 12. c3 Nxe2 13. Qxe2 Nb8 14. Nf3 Nc6 15. 0-0 0-0 16. Be3 Qc7 17. Qf2 b6 18. d4 Bd7 19. d5 Na5 20. Ng5 Rae8 21. f5 Nc4 22. Bc1 Ne5 23. g4 Nd3 24. Qh4 Nxc1 25. Rbxc1 Bh6 26. Rce1 f6 27. fxg6 Kg7 28. Nf7 Rh8 29. g5 Bxg5 30. Nxg5 fxg5 31. Qxg5 Bb5 32. Rf7+ Kg8 33. e5 Bc4 34. e6 Bd3 35. Re3 c4 36. g7 Rh7 37. Rxd3 cxd3 38. Be4 Qc5+ 39. Kg2 1-0

[Event "Varna op-A 8th"]
[Site "Varna"]
[Date "2014.06.27"]
[Round "9"]
[White "Galunova, Tsveta"]
[Black "Janev, Pavel"]
[Result "1-0"]
[WhiteElo "2049"]
[BlackElo "2257"]
[PlyCount "83"]
[EventDate "2014.06.19"]
[EventType "swiss"]
[EventRounds "9"]
[EventCountry "BUL"]
[SourceTitle "CBM 161 Extra"]
[Source "ChessBase"]
[SourceDate "2014.08.29"]
[SourceVersion "1"]
[SourceVersionDate "2014.08.29"]
[SourceQuality "1"]

1. e4 c5 2. c3 e5 3. Nf3 Nc6 4. Bc4 Nf6 5. d3 Be7 6. 0-0 0-0 7. Re1 d6 8. a4 a6 9. Nbd2 Rb8 10. Bb3 b5 11. axb5 axb5 12. h3 Na5 13. Ba2 b4 14. d4 exd4 15. cxd4 Bb7 16. e5 dxe5 17. dxe5 Ne8 18. Qc2 Nc7 19. Bb1 g6 20. Rxa5 Ne6 21. Ra1 Qd5 22. Qe4 Qd7 23. Qg4 h5 24. Qg3 Rfc8 25. Ne4 c4 26. Nf6+ Bxf6 27. exf6 Bxf3 28. Qxf3 c3 29. bxc3 Rxc3 30. Qe4 b3 31. Bb2 Rcc8 32. Qe3 Rc5 33. Qh6 Rc7 34. Ra6 Re8 35. Bxg6 fxg6 36. Qxg6+ Kf8 37. Ba3+ Nc5 38. Qh6+ Kg8 39. Qg6+ Kf8 40. Bxc5+ Rxc5 41. Rxe8+ Qxe8 42. Qg7# 1-0